Upraviť odvodový systém na Slovensku má svoje rácio, avšak aj svoje aktuálne limity
Reforma odvodového systému. Odstránenie súčasných deformácií systému platenia odvodov. Brzdy znižovania odvodového zaťaženia. Dlhodobá udržateľnosť verejných financií. Zjednotenie vymeriavacích základov. Ekonomický a sociálny vývoj v strednodobom horizonte.
Enregistré dans:
| Auteur principal: | |
|---|---|
| Format: | Chapitre de livre |
| Langue: | slovaque |
| Sujets: | |
| Tags: |
Pas de tags, Soyez le premier à ajouter un tag!
|
MARC
| LEADER | 00000naa a2200000 4500 | ||
|---|---|---|---|
| 001 | 0128539 | ||
| 005 | 20240502072454.4 | ||
| 041 | 0 | |a slo | |
| 044 | |a SK | ||
| 245 | 1 | 0 | |a Upraviť odvodový systém na Slovensku má svoje rácio, avšak aj svoje aktuálne limity |c František Palko |
| 520 | |a Reforma odvodového systému. Odstránenie súčasných deformácií systému platenia odvodov. Brzdy znižovania odvodového zaťaženia. Dlhodobá udržateľnosť verejných financií. Zjednotenie vymeriavacích základov. Ekonomický a sociálny vývoj v strednodobom horizonte. | ||
| 610 | 2 | 0 | |a Slovensko |
| 610 | 2 | 0 | |a reformy daňové |
| 610 | 2 | 0 | |a daňovníci |
| 610 | 2 | 0 | |a odvody |
| 610 | 2 | 0 | |a dane |
| 610 | 2 | 0 | |a základ dane |
| 610 | 2 | 0 | |a základ vymeriavací |
| 610 | 2 | 0 | |a zaťaženie daňové |
| 610 | 2 | 0 | |a odpočet dane |
| 610 | 2 | 0 | |a politika hospodárska |
| 610 | 2 | 0 | |a financie verejné |
| 100 | 1 | |a Palko, František, 1972- | |